00327nam a22000977a 4500008004100000082001700041100002800058245007000086260006400156300000900220230602b xxu||||| |||| 00| 0 eng d a155.922bKEC cWainainah Kiganyad2010 aKuelekea Kwenye Uponyaji na MabadilikobKampeni ya Kwaresima 2010 aNarobibJarada la Tume ya Kanisa Katoliki ya Haki na Amani a31 p